[Event "FIN-ch (Women)"]
[Site "Helsinki"]
[Date "2022.04.16"]
[Round "2"]
[White "Soboleva, Lidiia"]
[Black "Dannenberg, Alia"]
[Result "0-1"]
[WhiteElo "1068"]
[BlackElo "1896"]
[PlyCount "54"]
[EventDate "2022.04.15"]
[EventType "tourn"]
[EventRounds "9"]
[EventCountry "FIN"]
[SourceTitle "CBM 208 Extra"]
[Source "ChessBase"]
[SourceDate "2022.07.31"]
[SourceVersion "1"]
[SourceVersionDate "2022.07.31"]
[SourceQuality "1"]

1. e4 c5 2. Nf3 Nc6 3. d4 cxd4 4. Nxd4 g6 5. Be3 Nf6 6. Nc3 Bg7 7. Bc4 0-0 8. 0-0 d6 9. h3 Bd7 10. a3 a6 11. b4 Rc8 12. f3 Nxd4 13. Bxf7+ Rxf7 14. Qxd4 Ng4 15. Qb6 Nxe3 16. Qxe3 Rxc3 17. Qd2 Qb6+ 18. Kh1 Qc7 19. Rf2 Rxc2 20. Qxc2 Qxc2 21. Rxc2 Bxa1 22. Ra2 Bd4 23. Rd2 e5 24. Kh2 g5 25. Rd3 h5 26. g4 hxg4 27. hxg4 Bb5 0-1

[Event "Helsinki HSL Easter op"]
[Site "Helsinki"]
[Date "2019.04.20"]
[Round "3"]
[White "Hiltunen, Ville"]
[Black "Dannenberg, Alia"]
[Result "1/2-1/2"]
[WhiteElo "1769"]
[BlackElo "1890"]
[PlyCount "58"]
[EventDate "2019.04.19"]
[EventType "swiss"]
[EventRounds "6"]
[EventCountry "FIN"]
[SourceTitle "CBM 195 Extra"]
[Source "ChessBase"]
[SourceDate "2020.05.31"]
[SourceVersion "1"]
[SourceVersionDate "2020.05.31"]
[SourceQuality "1"]

1. e4 g6 2. d4 d6 3. f4 Bg7 4. Nf3 a6 5. Bd3 e6 6. 0-0 Ne7 7. Be3 0-0 8. Nc3 Nd7 9. a4 b6 10. Qd2 c5 11. Rad1 Bb7 12. b3 d5 13. e5 Qc7 14. Rc1 Nc6 15. Nd1 cxd4 16. Nxd4 Nxd4 17. Bxd4 Rfc8 18. Ne3 Nc5 19. Kh1 Qd8 20. Qb4 Bf8 21. Qd2 a5 22. Ng4 Nd7 23. Qf2 Bc5 24. Bxc5 bxc5 25. Bb5 Bc6 26. Bxc6 Rxc6 27. Qf3 h5 28. Ne3 Kg7 29. c4 Rb6 1/2-1/2

[Event "FIN-ch (Women)"]
[Site "Helsinki"]
[Date "2018.06.18"]
[Round "8"]
[White "Al Argha, Fatima"]
[Black "Dannenberg, Alia"]
[Result "0-1"]
[WhiteElo "1436"]
[BlackElo "1934"]
[PlyCount "76"]
[EventDate "2018.06.11"]
[EventType "tourn"]
[EventRounds "9"]
[EventCountry "FIN"]
[SourceTitle "EXT 2020"]
[Source "ChessBase"]
[SourceDate "2019.10.17"]
[SourceVersion "1"]
[SourceVersionDate "2019.10.17"]
[SourceQuality "1"]

1. d4 g6 2. Bf4 Bg7 3. e3 d6 4. Nf3 Nf6 5. h3 Nbd7 6. Nbd2 c5 7. c3 0-0 8. Bc4 a6 9. a4 d5 10. Ba2 c4 11. 0-0 b5 12. b3 Nb6 13. Bb1 cxb3 14. axb5 Bd7 15. Bd3 b2 16. Ra2 axb5 17. Rxb2 Na4 18. Rb3 Qa5 19. Qa1 Rfc8 20. Rc1 Ne8 21. e4 Nc7 22. Bh2 e6 23. Qa3 Bf8 24. Bd6 Bh6 25. Rcb1 Qb6 26. Bxc7 Qxc7 27. Qe7 Nxc3 28. Re1 Ra2 29. Rxc3 Qxc3 30. Qxd7 Bxd2 31. Nxd2 Rxd2 32. Bxb5 Rxd4 33. Re3 Rd1+ 34. Kh2 Qe5+ 35. g3 Rcc1 36. Qe8+ Kg7 37. exd5 Qxd5 38. Be2 Rh1# 0-1

[Event "FIN-ch (Women)"]
[Site "Helsinki"]
[Date "2018.06.16"]
[Round "6"]
[White "Norlamo, Sarabella"]
[Black "Dannenberg, Alia"]
[Result "1/2-1/2"]
[WhiteElo "1847"]
[BlackElo "1934"]
[PlyCount "47"]
[EventDate "2018.06.11"]
[EventType "tourn"]
[EventRounds "9"]
[EventCountry "FIN"]
[SourceTitle "EXT 2020"]
[Source "ChessBase"]
[SourceDate "2019.10.17"]
[SourceVersion "1"]
[SourceVersionDate "2019.10.17"]
[SourceQuality "1"]

1. d4 Nf6 2. c4 g6 3. Nc3 Bg7 4. Bg5 d6 5. f3 Nbd7 6. e4 c5 7. d5 Qa5 8. Qd2 h6 9. Nb5 Qxd2+ 10. Bxd2 Kd8 11. Bc3 a6 12. Na3 Rg8 13. Bd3 g5 14. Ne2 Kc7 15. Ng3 Ne5 16. Be2 Bd7 17. Nf5 Bxf5 18. exf5 Rae8 19. 0-0-0 Nfd7 20. Nc2 b6 21. g3 Nf6 22. Rhf1 Ned7 23. Bd3 Nh5 24. Bxg7 1/2-1/2

[Event "FIN-ch (Women)"]
[Site "Helsinki"]
[Date "2018.06.14"]
[Round "4"]
[White "Al Najar, Huda"]
[Black "Dannenberg, Alia"]
[Result "0-1"]
[WhiteElo "1719"]
[BlackElo "1934"]
[PlyCount "92"]
[EventDate "2018.06.11"]
[EventType "tourn"]
[EventRounds "9"]
[EventCountry "FIN"]
[SourceTitle "EXT 2020"]
[Source "ChessBase"]
[SourceDate "2019.10.17"]
[SourceVersion "1"]
[SourceVersionDate "2019.10.17"]
[SourceQuality "1"]

1. e4 d5 2. exd5 Qxd5 3. d4 e5 4. Nc3 Bb4 5. Nge2 exd4 6. Qxd4 Qxd4 7. Nxd4 Bd7 8. Bd2 Nc6 9. Nf3 0-0-0 10. 0-0-0 h6 11. Bc4 f5 12. Rhe1 Nf6 13. a3 Bc5 14. Be3 Bxe3+ 15. Rxe3 Rhe8 16. Rxe8 Rxe8 17. Re1 Rxe1+ 18. Nxe1 Ne5 19. Be2 Bc6 20. f3 Kd7 21. b4 Nd5 22. Nxd5 Bxd5 23. Nd3 Kd6 24. Nf4 Bf7 25. a4 g5 26. Nd3 Nxd3+ 27. Bxd3 Ke5 28. Kd2 h5 29. g3 f4 30. Be4 c6 31. Kd3 Bd5 32. Bxd5 cxd5 33. b5 fxg3 34. hxg3 h4 35. f4+ Kf5 36. gxh4 gxh4 37. Ke3 d4+ 38. Kf3 h3 39. a5 h2 40. Kg2 Kxf4 41. Kxh2 Ke3 42. Kg2 Kd2 43. Kf3 Kxc2 44. Ke4 d3 45. Kd5 d2 46. Kc5 d1Q 0-1

[Event "EU-chT (Women) 21st"]
[Site "Heraklion"]
[Date "2017.10.30"]
[Round "3.2"]
[White "Teuschler, Barbara"]
[Black "Dannenberg, Alia"]
[Result "1/2-1/2"]
[WhiteElo "2228"]
[BlackElo "1975"]
[PlyCount "103"]
[EventDate "2017.10.28"]
[EventType "team-swiss"]
[EventRounds "9"]
[EventCountry "GRE"]
[SourceTitle "CBM 181 Extra"]
[Source "ChessBase"]
[SourceDate "2017.12.12"]
[SourceVersion "1"]
[SourceVersionDate "2017.12.12"]
[SourceQuality "1"]
[WhiteTeam "Austria (W)"]
[BlackTeam "Finland (W)"]
[WhiteTeamCountry "AUT"]
[BlackTeamCountry "FIN"]

1. e4 d5 2. exd5 Qxd5 3. Nc3 Qa5 4. d4 Nf6 5. Bc4 Bg4 6. f3 Bf5 7. Nge2 c6 8. 0-0 e6 9. Ng3 Bg6 10. Nce4 Be7 11. Nxf6+ Bxf6 12. Ne4 Be7 13. Bf4 0-0 14. Qe2 Nd7 15. c3 Nf6 16. Bg3 Rfd8 17. Bb3 Rd7 18. Rfe1 Nxe4 19. fxe4 c5 20. d5 exd5 21. exd5 Bf8 22. Qg4 Rad8 23. Bh4 f6 24. Rad1 b5 25. c4 bxc4 26. Bxc4 Bd6 27. Bf2 Qb4 28. b3 Qb8 29. h4 Bf7 30. h5 Bf8 31. Qf5 Qd6 32. Bh4 Re7 33. Rxe7 Bxe7 34. Rd3 Re8 35. Bg3 Qb6 36. Re3 Qd8 37. d6 Bxc4 38. dxe7 Qd4 39. Bf2 Bf7 40. Re1 Qd2 41. Qxc5 Qxa2 42. b4 a6 43. h6 Qd5 44. Qa7 Qd2 45. hxg7 Qxb4 46. Qd7 Kxg7 47. Re3 Bg6 48. Be1 Qc5 49. Qe6 Bf5 50. Qb3 Rxe7 51. Bf2 Rxe3 52. Bxe3 1/2-1/2

[Event "FIN-chT2 Gp4 1718"]
[Site "Finland"]
[Date "2017.10.22"]
[Round "4.3"]
[White "Dannenberg, Alia"]
[Black "Koski, Pekka"]
[Result "1-0"]
[WhiteElo "1978"]
[BlackElo "1839"]
[PlyCount "55"]
[EventDate "2017.09.11"]
[EventType "team-tourn"]
[EventRounds "7"]
[EventCountry "FIN"]
[SourceTitle "EXT 2020"]
[Source "ChessBase"]
[SourceDate "2019.10.17"]
[SourceVersion "1"]
[SourceVersionDate "2019.10.17"]
[SourceQuality "1"]
[WhiteTeam "Joensuu SK II"]
[BlackTeam "Oulu OSS II"]
[WhiteTeamCountry "FIN"]
[BlackTeamCountry "FIN"]

1. e4 e5 2. Nc3 Nf6 3. f4 exf4 4. e5 Ng8 5. Nf3 d5 6. d4 g5 7. a3 Nh6 8. h4 g4 9. Ng5 Nf5 10. Qxg4 h6 11. Qh5 hxg5 12. Qxh8 Nxh4 13. Ne2 Ng6 14. Qh5 Be7 15. g3 fxg3 16. Nxg3 Nc6 17. c3 Bd7 18. Bd3 Nh4 19. Qh8+ Bf8 20. Nh5 Be6 21. Nf6+ Ke7 22. Rxh4 gxh4 23. Bg5 Qc8 24. Nxd5+ Kd7 25. Nf6+ Ke7 26. d5 Nxe5 27. Ne4+ Ke8 28. Qxe5 1-0

[Event "Helsinki Naisten SM"]
[Site "Helsinki"]
[Date "2017.06.17"]
[Round "4"]
[White "Dannenberg, Alia"]
[Black "Al Najar, Huda"]
[Result "1-0"]
[WhiteElo "1984"]
[BlackElo "1747"]
[PlyCount "85"]
[EventDate "2017.06.14"]
[EventType "tourn"]
[EventRounds "5"]
[EventCountry "FIN"]
[SourceTitle "EXT 2022"]
[Source "ChessBase"]
[SourceDate "2021.10.06"]
[SourceVersion "1"]
[SourceVersionDate "2021.10.06"]
[SourceQuality "1"]

1. e4 e5 2. Nc3 Nf6 3. f4 d5 4. exd5 exf4 5. Bb5+ c6 6. dxc6 bxc6 7. Bc4 Bc5 8. Qe2+ Qe7 9. Qxe7+ Bxe7 10. d4 Bf5 11. Bb3 Bd6 12. Nge2 0-0 13. 0-0 g5 14. h4 h6 15. Nxf4 gxf4 16. Bxf4 Bxf4 17. Rxf4 Bxc2 18. Bxc2 Nbd7 19. Raf1 Kg7 20. Ne4 Nd5 21. R4f3 Rab8 22. b3 Rb4 23. Nd6 N7f6 24. Nf5+ Kh7 25. Ne7+ Kg7 26. Nxc6 Rb6 27. Ne5 Rc8 28. Bd3 Rc3 29. Bc4 Rxf3 30. Rxf3 Rb7 31. g4 Nb6 32. Bxf7 Nxg4 33. Rg3 Rxf7 34. Rxg4+ Kf8 35. Nxf7 Kxf7 36. Kf2 Kf6 37. Kf3 Nd5 38. h5 Ne7 39. Ke4 Ke6 40. Rg7 a5 41. Rxe7+ Kxe7 42. Ke5 Kd7 43. d5 1-0

[Event "Helsinki We Garde 3rd Group B"]
[Site "Helsinki"]
[Date "2014.03.02"]
[Round "5"]
[White "Kugappi, Tomi"]
[Black "Dannenberg, Alia"]
[Result "1/2-1/2"]
[WhiteElo "1708"]
[BlackElo "2087"]
[PlyCount "35"]
[EventDate "2014.02.28"]
[EventType "swiss"]
[EventRounds "5"]
[EventCountry "FIN"]
[SourceTitle "EXT 2022"]
[Source "ChessBase"]
[SourceDate "2021.10.06"]
[SourceVersion "1"]
[SourceVersionDate "2021.10.06"]
[SourceQuality "1"]

1. e4 d5 2. exd5 Qxd5 3. d4 e5 4. dxe5 Qxe5+ 5. Qe2 Qxe2+ 6. Bxe2 Bf5 7. c3 Nd7 8. Be3 Bc5 9. Bxc5 Nxc5 10. Nf3 Nd3+ 11. Bxd3 Bxd3 12. Nbd2 0-0-0 13. 0-0-0 Nh6 14. h3 Rhe8 15. Rde1 f6 16. Rxe8 Rxe8 17. Re1 Rxe1+ 18. Nxe1 1/2-1/2